Statistics for 1986 FIFA World Cup Final Argentina - West Germany

Click here to take the quiz!

General Stats

  • This quiz has been taken 152 times
  • The average score is 12 of 27

Answer Stats

Player% Correct
Diego Maradona
97%
Karl-Heinz Rummenigge ¹
75%
Lothar Matthäus
73%
Rudi Völler ¹
65%
Franz Beckenbauer
59%
Jorge Valdano ¹
57%
José Luis Brown ¹
57%
Harald Schumacher
55%
Jorge Burruchaga ¹
55%
Andreas Brehme
53%
Nery Pumpido
46%
Carlos Bilardo
45%
Oscar Ruggeri
44%
Sergio Batista
39%
Julio Olarticoechea
35%
Héctor Enrique
33%
Klaus Allofs
31%
Karlheinz Förster
30%
Hans-Peter Briegel
29%
Ricardo Giusti
29%
José Luis Cuciuffo
27%
Dieter Hoeneß
24%
Felix Magath
23%
Thomas Berthold
23%
Ditmar Jakobs
15%
Marcelo Trobbiani
15%
Norbert Eder
15%

Score Distribution

Percentile by Number Answered

Percent of People with Each Score

Your Score History

You have not taken this quiz